000 00632nam a2200193Ia 4500
008 130821s2002 ck gr spa
020 _a9588159547
040 _aCo-BoUCM
_bspa
041 0 0 _aspa
100 _aVelez Gonzalez, Jaime
_9158627
245 0 0 _aBajo la piel del lobo
_cJaime Alberto Vélez González
260 _aBogotá (Colombia)
_bMinisterio de Cultura
_c2002
300 _a124 páginas
650 0 4 _aEnsayos colombianos
_914557
650 0 4 _aLiteratura colombiana
_918629
650 0 4 _aRelatos colombianos
_923489
942 _cLIBRO
_a18
_e1
_kC
_mV432B
_2DEWEY
_h864.44
999 _c33973
_d33973